000 00953nam a2200229 a 4500
001 BRCA_3660
005 20190320204355.0
008 020909s2000----mx-a---###---#000-0#spa-#
020 _a9688163430
041 _aspa
044 _amx
050 4 _aHT127.7
_b.C66 2000
245 1 0 _aContinuidades y rupturas urbanas en los siglos XVIII y XIX
_bun ensayo comparativo entre México y España
_ccoordinadores María Dolores Morales y Rafael Mas.
260 _aMéxico
_bConsejo del Centro Histórico de la Ciudad de México
_c2000
300 _a427 p.
_bil.
_c26 cm.
500 _aMemoria del II Simposio Internacional sobre Historia del Centro Histórico de la Ciudad de México, 2000
650 1 4 _aCiudades y pueblos
_vCongresos
_xHistoria
_ySiglo XVIII-XIX
_zMéxico
_99493
650 1 4 _aCiudades y pueblos
_vCongresos
_xHistoria
_ySiglo XVIII-XIX
_zEspaña
_99494
700 1 _aDolores Morales, María
_99495
700 1 _aMas, Rafael
_99496
942 _2lcc
_cB
999 _c3392
_d3392